On This Day: October 11th Quiz Stats

 Plays Quiz Updated Oct 11, 2017

Challenge
Share
Tweet
Embed
Score 0/7 Timer 03:00
0 Plays Today
Question Answer Wrong Answers
This well-known sketch comedy/variety show debuts on NBC.
1975
Saturday Night Live
96.2%
Mad TV
0.8%
In Living Color
1%
All That
0.6%
This American humanitarian and politician, the 32nd First Lady of the United States, is born.
1884
Eleanor Roosevelt
90.1%
Bess Truman
2.7%
Mamie Eisenhower
6.1%
Grace Coolidge
1.1%
Alexander Sachs meets with US President ______ to discuss the letters given to him by Leo Szilard and Albert Einstein on the topic of nuclear research and possible weaponry.
1939
Franklin D. Roosevelt
77.5%
Harry S. Truman
13.9%
Herbert Hoover
6%
Richard Nixon
1.4%
In South Africa, this war between the United Kingdom, Transvaal, and the Orange Free State begins.
1899
Second Boer War
70.5%
Anglo-Zulu War
15.8%
Crimean War
6.7%
Anglo-Zanzibar War
6.4%
The band Korn releases their self-titled debut album, which many consider the start of the ______ genre.
1994
Nu Metal
60.3%
New Wave
20.9%
New Beat
1.4%
New Age
15.5%
Ronald Reagan and Mikhail Gorbachev meet in Reykjavík, Iceland, in an effort to continue discussions about scaling back their missile arsenals in ______.
1986
Europe
58.3%
The Arctic
22.3%
The South Atlantic
9.5%
Asia
8.1%
This company, best known for its production of instant film cameras, files for federal bankruptcy protection.
2001
Polaroid
57.1%
Nikon
1.5%
Canon
1.5%
Kodak
37.8%

Today's Daily Dose

You're not logged in!

Compare scores with friends on all Sporcle quizzes.
OR
Log In

You Might Also Like...

Show Comments

Extras

Top Quizzes Today


Score Distribution

Your Account Isn't Verified!

In order to create a playlist on Sporcle, you need to verify the email address you used during registration. Go to your Sporcle Settings to finish the process.

Report this User

Report this user for behavior that violates our Community Guidelines.

Details: